zpět

Detail výsledku týmu

Infinity c&c bar, Zlín

Datum a čas kvízu

22 Celkem bodů Celkový počet nahraných bodů na tomto kvízu bez doplňovacích otázek.
4. Pořadí na kvízu Konečné umístění týmu na tomto kvízu.

Zaznamenané odpovědi

# Otázka Odpověď Body Výsledky
1. Vedení ČSSD zařadilo na čtvrté... Petr Benda 0
2. Záchranáři na nejvyšším anglic... psa (bernardýna) 0
3. Tom Hanks a jeho manželka Rita... Řecko 1
4. Další z tradičních výrobců fot... Kodak 0
5. První hrací den rozšířeného pl... Dominik Kubalík 1
6. V tomto tématu se blíže podívá... C 0
7. Tato mapa vyznačuje jistý kult... Laponsko 1
8. Jak se nazývá ostrov ležící 30... Utøya 0
9. Tento Švéd se v poslední době... Epidemiolog. 0
10. Jak se nazývá fotbalový tým, j... Borussia Dortmund 0